Normal view MARC view

Entry Personal Name

Number of records used in: 1

001 - CONTROL NUMBER

  • control field: 16286

003 - CONTROL NUMBER IDENTIFIER

  • control field: dpl

005 - DATE AND TIME OF LATEST TRANSACTION

  • control field: 20100823140502.0

008 - FIXED-LENGTH DATA ELEMENTS

  • fixed length control field: 100823|||a|||||| | ||| d

040 ## - CATALOGING SOURCE

  • Original cataloging agency: dpl
  • Transcribing agency: dpl

100 ## - HEADING--PERSONAL NAME

  • Personal name: Sathya Sai Baba

670 ## - SOURCE DATA FOUND

  • Source citation: Work cat.: (dpl): Sathya Sai Baba , Summer roses on the blue mountains 1976 /, 2003

670 ## - SOURCE DATA FOUND

  • Source citation: Work cat.: (dpl): Sathya Sai Baba , Summer roses on the blue mountains 1976 /, 2003

© Delhi Public Library
Hit Counter
free hit counter